000
00273nam a2200109Ia 4500
008
230907s9999||||xx |||||||||||||| ||und||
082
_a
621.988
_b
GEB
100
_a
Gebhardt, Andreas,
_9
68552
245
0
_a
Additive manufacturing :
300
_a
xx, 591 pages ;
942
_c
BK
999
_c
600861
_d
600861